Home ownership in Wales: issues and challenges (Record no. 74432)

MARC details
000 -LEADER
fixed length control field 01466cab a2200205 4500
001 - CONTROL NUMBER
control field ##ABS67936
008 - FIXED-LENGTH DATA ELEMENTS--GENERAL INFORMATION
fixed length control field 040621n2004 000 0 eng u
035 ## - SYSTEM CONTROL NUMBER
System control number (Sirsi) u126537
041 0# - LANGUAGE CODE
Language code of text/sound track or separate title eng
100 1# - MAIN ENTRY--PERSONAL NAME
Personal name Bennett, J.
245 00 - TITLE STATEMENT
Title Home ownership in Wales: issues and challenges
260 ## - PUBLICATION, DISTRIBUTION, ETC.
Date of publication, distribution, etc. 2004
490 #0 - SERIES STATEMENT
Series statement CML Housing Finance
Volume/sequential designation (62) Summer 2004, 45-54(10)
520 ## - SUMMARY, ETC.
Summary, etc. Profiles home ownership in Wales and describes its particular housing issues and challenges. Finds that Wales has a higher proportion of owner-occupiers than in any other UK country and a higher proportion of low-income and older home-owners than England or Scotland. House prices are relatively low but 8 600 new homes per year are needed to meet new demand, whilst the number of first-time buyers in Wales in 2003 was as low as in the early 1990s. Suggests that the Welsh Assembly and local authorities should address the 8.5% of housing stock in home ownership classified as unfit by using private finance in innovative ways. Intervention should be considered in areas of low demand such as the south Wales valleys and the Assembly should expand the Homebuy scheme to assist aspiring homeowners. Tables cover tenure mix, low-income households, house prices and first time buyers. References.
590 ## - LOCAL NOTE (RLIN)
Local note ABS
650 24 - SUBJECT ADDED ENTRY--TOPICAL TERM
Topical term or geographic name entry element NAFW HOMEBUY
651 #4 - SUBJECT ADDED ENTRY--GEOGRAPHIC NAME
Geographic name Wales
Chronological subdivision 1998-2007
690 ## - LOCAL SUBJECT ADDED ENTRY--TOPICAL TERM (OCLC, RLIN)
Topical term or geographic name as entry element PROPERTY-RESIDENTIAL PROPERTY-ACQUISITION AND DISPOSAL OF RESIDENTIAL PROPERTY
942 ## - ADDED ENTRY ELEMENTS (KOHA)
Suppress in OPAC 0
Holdings
Withdrawn status Lost status Source of classification or shelving scheme Damaged status Not for loan Home library Current library Shelving location Date acquired Total Checkouts Full call number Barcode Date last seen Copy number Price effective from Koha item type
    Dewey Decimal Classification     London London Journal article 21/06/2004   ABS67936 126537-1001 06/08/2019 1 06/08/2019 Journal article